Geografía y cartografía renacentistas / (Record no. 12957)
[ view plain ]
| 000 -LEADER | |
|---|---|
| campo de control de longitud fija | 01127nam a2200313 i 4500 |
| 001 - NÚMERO DE CONTROL | |
| campo de control | 12957 |
| 003 - IDENTIFICADOR DE NÚMERO DE CONTROL | |
| campo de control | ES-MaACL |
| 005 - FECHA Y HORA DE LA ÚLTIMA TRANSACCIÓN | |
| campo de control | 20250809051432.0 |
| 007 - CAMPO FIJO DE DESCRIPCIÓN FÍSICA--INFORMACIÓN GENERAL | |
| campo de control de longitud fija | t| |
| 008 - DATOS DE LONGITUD FIJA--INFORMACIÓN GENERAL | |
| campo de control de longitud fija | 921001s1992 sp a |||| | spa j |
| 020 ## - NÚMERO INTERNACIONAL ESTÁNDAR DEL LIBRO | |
| Número Internacional Estándar del Libro | 84-7600-764-7 |
| 080 ## - NÚMERO DE LA CLASIFICACIÓN DECIMAL UNIVERSAL | |
| Número de la Clasificación Decimal Universal | 910.1"14/15" |
| 080 ## - NÚMERO DE LA CLASIFICACIÓN DECIMAL UNIVERSAL | |
| Número de la Clasificación Decimal Universal | 528.9"14/15" |
| 100 1# - ENTRADA PRINCIPAL--NOMBRE DE PERSONA | |
| Nombre de persona | Líter Mayayo, Carmen |
| 9 (RLIN) | 72569 |
| 245 10 - MENCIÓN DEL TÍTULO | |
| Título | Geografía y cartografía renacentistas / |
| Mención de responsabilidad, etc. | Carmen Líter Mayayo, Ana Herrero Vigil, Francisca Sanchis Ballester. |
| 260 ## - PUBLICACIÓN, DISTRIBUCIÓN, ETC. | |
| Lugar de publicación, distribución, etc. | Torrejón de Ardoz, Madrid : |
| Nombre del editor, distribuidor, etc. | Akal, |
| Fecha de publicación, distribución, etc. | [1992] |
| 300 ## - DESCRIPCIÓN FÍSICA | |
| Extensión | 63 p. : |
| Otras características físicas | il. col. y n. ; |
| Dimensiones | 24 cm. |
| 490 1# - MENCIÓN DE SERIE | |
| Mención de serie | Akal historia de la ciencia y de la técnica ; |
| Designación de volumen o secuencia | 13 |
| 504 ## - NOTA DE BIBLIOGRAFÍA, ETC. | |
| Nota de bibliografía, etc. | Bibliografía: p. 63. |
| 650 14 - PUNTO DE ACCESO ADICIONAL DE MATERIA--TÉRMINO DE MATERIA | |
| Término de materia o nombre geográfico como elemento de entrada | Geografía- |
| Subdivisión cronológica | S.XV. |
| 9 (RLIN) | 161624 |
| 650 14 - PUNTO DE ACCESO ADICIONAL DE MATERIA--TÉRMINO DE MATERIA | |
| Término de materia o nombre geográfico como elemento de entrada | Geografía- |
| Subdivisión cronológica | S.XVI. |
| 9 (RLIN) | 161625 |
| 650 #4 - PUNTO DE ACCESO ADICIONAL DE MATERIA--TÉRMINO DE MATERIA | |
| Término de materia o nombre geográfico como elemento de entrada | Cartografía- |
| Subdivisión de forma | Historia- |
| Subdivisión cronológica | S.XV. |
| 9 (RLIN) | 161626 |
| 650 #4 - PUNTO DE ACCESO ADICIONAL DE MATERIA--TÉRMINO DE MATERIA | |
| Término de materia o nombre geográfico como elemento de entrada | Cartografía- |
| Subdivisión de forma | Historia- |
| Subdivisión cronológica | S.XVI. |
| 9 (RLIN) | 161627 |
| 700 1# - ENTRADA AGREGADA--NOMBRE PERSONAL | |
| Nombre de persona | Herrero Vigil, Ana |
| 9 (RLIN) | 63347 |
| 700 1# - ENTRADA AGREGADA--NOMBRE PERSONAL | |
| Nombre de persona | Sanchis Ballester, Francisca, |
| Fechas asociadas al nombre | 1945- |
| 9 (RLIN) | 103009 |
| 830 00 - PUNTO DE ACCESO ADICIONAL DE SERIE-TÍTULO UNIFORME | |
| Título uniforme | Akal. |
| Nombre de parte o sección de la obra | Historia de la ciencia y de la técnica |
| Designación de volumen o secuencia | 13 |
| 9 (RLIN) | 179395 |
| 852 ## - LOCALIZACIÓN | |
| Ubicación | ES-MaACL |
| Número de control de estantería | L-20260 |
| Estatus retirado | Estado de pérdida | Estado de daño | No para préstamo | Biblioteca de origen | Biblioteca actual | Ubicación en estantería | Fecha de adquisición | Fuente de adquisición | Total de préstamos | Signatura topográfica completa | Código de barras | Visto por última vez | Precio de reemplazo | Tipo de ítem Koha |
|---|---|---|---|---|---|---|---|---|---|---|---|---|---|---|
| Biblioteca del Ateneo de Madrid | Biblioteca del Ateneo de Madrid | Depósito 2 | 17/01/2008 | L-20260 | 1013196 | 23/02/2023 | 23/02/2023 | Libro impreso |
